Induction : processes of inference, learning, and discovery
Αποθηκεύτηκε σε:
| Άλλοι συγγραφείς: | |
|---|---|
| Μορφή: | Βιβλίο |
| Γλώσσα: | English |
| Δημοσίευση: |
Cambridge, Mass. :
MIT Press,
c1986
|
| Σειρά: | Computational models of cognition and perception
|
| Θέματα: | |
| Ετικέτες: |
Προσθήκη ετικέτας
Δεν υπάρχουν, Καταχωρήστε ετικέτα πρώτοι!
|
MARC
| LEADER | 00000nam a2200000 i 4500 | ||
|---|---|---|---|
| 001 | 1/88457 | ||
| 008 | 981112s1986 eng d | ||
| 020 | |a 0-262-08160-1 | ||
| 035 | |l 10035504 | ||
| 035 | |a 1993 |b 1 |c Χατζηνικήτα | ||
| 040 | |a GR-MY-UA |b gre |e aacr | ||
| 041 | 0 | |a eng | |
| 082 | 0 | |a 153 |2 (19) | |
| 245 | 1 | 0 | |a Induction : |b processes of inference, learning, and discovery / |c John H. Holland ... [et al.] |
| 260 | |a Cambridge, Mass. : |b MIT Press, |c c1986 | ||
| 300 | |a xvi, 385 σ.; |b εικ.; |c 24 εκ. | ||
| 490 | 1 | |a Computational models of cognition and perception | |
| 504 | |a Βιβλιογραφία: σ. [357]-372. Ευρετήριο | ||
| 650 | 0 | 0 | |a Induction (Logic) |
| 650 | 0 | 0 | |a Artificial intelligence. |
| 650 | 0 | 0 | |a Inference. |
| 650 | 0 | 0 | |a Learning, Psychology of. |
| 650 | 0 | 0 | |a Machine learning. |
| 650 | 0 | 0 | |a Memory. |
| 700 | 1 | |a Holland, John H. |q (John Henry) |d 1929- | |
| 830 | 0 | |a Computational models of cognition and perception | |
| 852 | |a INST |b RHODES |e 19981112 |h 153 IND |p 005400009375 |q 005400009375 |t BK |y 0 | ||
| 909 | |a Ρ |b 025310 |c 1993 | ||